000 00577nam a22001937a 4500
003 BD-DhJNU
005 20250417034333.0
008 250417b |||||||| |||| 00| 0 eng d
020 _a8172732643
040 _aBD-DhJNU
_bENG
_cBD-DhJNU
_dBD-DhJNU
082 _223
_a302.13
100 _aSaha, Asoke Kumar
245 _aSocial identity and group decision making /
_cAsoke Kumar Saha
260 _aDelhi :
_bAuthorspress,
_c2005.
300 _axiv, 142 p. :
_c22 cm.
504 _aincludes bibliographical reference and index
650 _aSocial Identity
942 _2ddc
_cBK
_n0
999 _c1587
_d1587